000 01381nam a22002777a 4500
005 20080813140226.0
008 080813t xxu||||| |||| 00| 0 hin d
010 _aHIN-83918
020 _a8189314394
_c280.00
020 _a9788189314392
_c280.00
035 _aHN-56264
037 _bDBAD / PUB
040 _aDPL
_bHN
082 _a657.42
245 _aउच्च-स्तरीय लागत लेखांकन /
_cडी.सी.जैन...[इत्यादि़]
246 _aUchch-satariya lagat lekhankan
_bby D.C.Jai...[etal]
260 _aजयपुर
_bअजमेरा बुक कम्पनी
_c2006
270 _aTripolia Bazar,
_bJaipur
_e302002
300 _aवि.पृ.
_c22सेमी(सजिल्द)
500 _aविभिन्न विश्वविधालयों की एम.काम., बी.कॉम.(आनर्स) एवं एम.बी.ए.के विधायर्थियों के लिए
650 _aलागत लेखांकन
650 _aCost Accounting
700 _aजैन, डी. सी.
942 _2ddc
_cHN
_h657.42
_mउच्चस्त
999 _c14831
_d14831